[Event "Roncana op-A 13th"]
[Site "Santa Eulalia de Roncana"]
[Date "2019.10.12"]
[Round "3"]
[White "Ceruelo Santiveri, Oscar"]
[Black "Fernandez Herrera, Aleix"]
[Result "0-1"]
[WhiteElo "1733"]
[BlackElo "1601"]
[PlyCount "76"]
[EventDate "2019.09.28"]
[EventType "swiss"]
[EventRounds "8"]
[EventCountry "ESP"]
[SourceTitle "CBM 193 Extra"]
[Source "ChessBase"]
[SourceDate "2020.01.31"]
[SourceVersion "1"]
[SourceVersionDate "2020.01.31"]
[SourceQuality "1"]

1. d4 d5 2. Bf4 Nf6 3. Nd2 e6 4. Ngf3 c5 5. dxc5 Bxc5 6. Nb3 Bd6 7. Bg3 b6 8. e3 Ba6 9. Bd3 Bxg3 10. hxg3 Qc7 11. Rc1 Bc4 12. Nbd2 Na6 13. b3 Bxd3 14. cxd3 Nc5 15. 0-0 Qd6 16. Nb1 0-0 17. b4 Ncd7 18. Qd2 a5 19. b5 Qb4 20. Nc3 Rfc8 21. Nd4 Rc7 22. Nc6 Qd6 23. a4 Rac8 24. Ne2 h6 25. Ned4 Ne5 26. Nxe5 Qxe5 27. Rxc7 Qxc7 28. Nc6 Kh8 29. Rc1 Nd7 30. Qc2 Nc5 31. Kf1 Nd7 32. Ke2 Nc5 33. d4 Ne4 34. Qb2 Qd6 35. Ra1 Rc7 36. Qa3 Qxa3 37. Rxa3 Nd6 38. f3 f6 0-1

[Event "Roncana op-A 13th"]
[Site "Santa Eulalia de Roncana"]
[Date "2019.09.28"]
[Round "1"]
[White "Ceruelo Santiveri, Oscar"]
[Black "Barranco Montilla, Cristobal"]
[Result "0-1"]
[WhiteElo "1733"]
[BlackElo "2190"]
[PlyCount "50"]
[EventDate "2019.09.28"]
[EventType "swiss"]
[EventRounds "8"]
[EventCountry "ESP"]
[SourceTitle "CBM 193 Extra"]
[Source "ChessBase"]
[SourceDate "2020.01.31"]
[SourceVersion "1"]
[SourceVersionDate "2020.01.31"]
[SourceQuality "1"]

1. d4 g6 2. e4 Bg7 3. Bc4 c5 4. Be3 Qb6 5. dxc5 Qxb2 6. c3 Qxa1 7. Ne2 Qb2 8. Qd3 Nc6 9. Bc1 Ne5 10. Bxb2 Nxd3+ 11. Bxd3 b6 12. cxb6 axb6 13. Bc4 Bb7 14. Nd2 Nf6 15. f3 0-0 16. 0-0 d5 17. exd5 Nxd5 18. Bb3 Rfd8 19. Ne4 Ne3 20. Rb1 Bd5 21. Kf2 Bxb3 22. axb3 Nd1+ 23. Ke1 Nxb2 24. Rxb2 f5 25. Nf2 Ra1+ 0-1

[Event "Llinars del Valles op-B 13th"]
[Site "Llinars del Valles"]
[Date "2019.05.04"]
[Round "4"]
[White "Ceruelo Santiveri, Oscar"]
[Black "Beltran Vidal, Daniel"]
[Result "1/2-1/2"]
[WhiteElo "1630"]
[BlackElo "1652"]
[PlyCount "62"]
[EventDate "2019.03.30"]
[EventType "swiss"]
[EventRounds "8"]
[EventCountry "ESP"]
[SourceTitle "EXT 2020"]
[Source "ChessBase"]
[SourceDate "2019.10.17"]
[SourceVersion "1"]
[SourceVersionDate "2019.10.17"]
[SourceQuality "1"]

1. b4 Nf6 2. Bb2 e6 3. a3 c5 4. b5 d5 5. e3 Bd6 6. Nf3 Qc7 7. a4 b6 8. d3 Bb7 9. Nbd2 Nbd7 10. c3 0-0 11. g3 Rfe8 12. Bg2 a6 13. 0-0 axb5 14. axb5 Rxa1 15. Bxa1 Ra8 16. c4 Bf8 17. Qb3 g6 18. Bb2 Bg7 19. Ra1 Rxa1+ 20. Bxa1 Ne8 21. Bxg7 Nxg7 22. Qa2 Qb8 23. Nb1 Qa8 24. Qxa8+ Bxa8 25. Nc3 dxc4 26. dxc4 Nf5 27. Na4 Nd6 28. Nd2 Bxg2 29. Kxg2 Kf8 30. f4 Ke7 31. e4 Nc8 1/2-1/2

[Event "Llinars del Valles op-B 12th"]
[Site "Llinars del Valles"]
[Date "2018.05.05"]
[Round "4.16"]
[White "Lara Cabrera, Toni"]
[Black "Ceruelo Santiveri, Oscar"]
[Result "1-0"]
[WhiteElo "1671"]
[BlackElo "1483"]
[PlyCount "69"]
[EventDate "2018.04.14"]
[EventType "swiss"]
[EventRounds "8"]
[EventCountry "ESP"]
[SourceTitle "CBM 184 Extra"]
[Source "ChessBase"]
[SourceDate "2018.06.28"]
[SourceVersion "1"]
[SourceVersionDate "2018.06.28"]
[SourceQuality "1"]

1. d4 d5 2. c4 Nf6 3. Nc3 e6 4. cxd5 Nxd5 5. e4 Nb6 6. Nf3 N8d7 7. Bd3 c5 8. d5 exd5 9. exd5 Be7 10. Bf4 Nf6 11. d6 c4 12. Bc2 Bf8 13. 0-0 Be6 14. Re1 g6 15. Ba4+ Nxa4 16. Qxa4+ Qd7 17. Ng5 Qxa4 18. Nxa4 0-0-0 19. Be5 Bg7 20. Nc5 Rhe8 21. Rad1 b6 22. Na6 h6 23. Nxe6 Rxe6 24. Nc7 Rxe5 25. Rxe5 Bf8 26. Nb5 a6 27. Nd4 Rxd6 28. f3 Kd7 29. Kf2 h5 30. Ke2 Ne8 31. Nc2 Nc7 32. Ne3 Bg7 33. Re4 Bxb2 34. Rxd6+ Kxd6 35. Nxc4+ 1-0

[Event "Roncana op-B 9th"]
[Site "Santa Eulalia de Roncana"]
[Date "2015.10.31"]
[Round "4"]
[White "Ceruelo Santiveri, Oscar"]
[Black "Moreno Oller, Victor"]
[Result "1-0"]
[WhiteElo "1742"]
[BlackElo "1659"]
[PlyCount "135"]
[EventDate "2015.10.03"]
[EventType "swiss"]
[EventRounds "8"]
[EventCountry "ESP"]
[SourceTitle "EXT 2017"]
[Source "ChessBase"]
[SourceDate "2016.10.25"]
[SourceVersion "1"]
[SourceVersionDate "2016.10.25"]
[SourceQuality "1"]

1. e4 c5 2. Nf3 e6 3. Nc3 Nc6 4. Bb5 d6 5. d3 Nf6 6. Be3 Bd7 7. a3 a6 8. Ba4 b5 9. Bb3 g6 10. Qd2 Bg7 11. Bh6 0-0 12. Ne2 Ng4 13. Bxg7 Kxg7 14. h3 Nf6 15. 0-0 Ne7 16. c3 Bc6 17. Ng3 d5 18. e5 Nd7 19. Qg5 c4 20. dxc4 dxc4 21. Bc2 Bxf3 22. gxf3 Nf5 23. Nxf5+ exf5 24. Qxd8 Raxd8 25. f4 Nc5 26. Rad1 Nd3 27. Bxd3 cxd3 28. Rfe1 Rd7 29. Re3 Rfd8 30. Kg2 Kh6 31. h4 Kh5 32. f3 h6 33. Kg3 g5 34. hxg5 hxg5 35. fxg5 Kxg5 36. f4+ Kh6 37. Kf2 Kg7 38. Rg3+ Kf8 39. Rg5 Ke7 40. Rxf5 Rh8 41. Kg3 Rg8+ 42. Kf2 Rh8 43. Kg3 Rg8+ 44. Rg5 Rxg5+ 45. fxg5 Ke6 46. Kf4 Rd5 47. b3 a5 48. Rd2 b4 49. axb4 axb4 50. c4 Rd4+ 51. Ke3 Kxe5 52. Rxd3 Re4+ 53. Kf3 Rf4+ 54. Kg3 Ke4 55. Rd4+ Kxd4 56. Kxf4 Kc3 57. c5 Kxb3 58. c6 Ka2 59. c7 b3 60. c8Q b2 61. Qc2 Ka1 62. Qxb2+ Kxb2 63. Ke5 Kc3 64. Kf6 Kd4 65. Kxf7 Ke5 66. g6 Kf4 67. g7 Kg3 68. g8Q+ 1-0

[Event "Roncana op-B 9th"]
[Site "Santa Eulalia de Roncana"]
[Date "2015.10.03"]
[Round "1"]
[White "Argemi Camp, Jaume"]
[Black "Ceruelo Santiveri, Oscar"]
[Result "1-0"]
[WhiteElo "1846"]
[BlackElo "1742"]
[PlyCount "173"]
[EventDate "2015.10.03"]
[EventType "swiss"]
[EventRounds "8"]
[EventCountry "ESP"]
[SourceTitle "EXT 2017"]
[Source "ChessBase"]
[SourceDate "2016.10.25"]
[SourceVersion "1"]
[SourceVersionDate "2016.10.25"]
[SourceQuality "1"]

1. e4 e6 2. g3 b6 3. Bg2 Bb7 4. d3 d5 5. exd5 Bxd5 6. Bxd5 Qxd5 7. Qf3 Nf6 8. Qxd5 Nxd5 9. Nf3 Bd6 10. 0-0 0-0 11. a4 Nc6 12. c3 Ne5 13. Nxe5 Bxe5 14. d4 Bd6 15. Nd2 a6 16. Ne4 Be7 17. c4 Nf6 18. Nc3 c6 19. Re1 Bd6 20. a5 b5 21. c5 Bc7 22. b4 Rad8 23. Be3 Rfe8 24. Rad1 Nd5 25. Nxd5 Rxd5 26. f4 f6 27. Bf2 Kf7 28. Re2 h6 29. Rde1 g5 30. fxg5 hxg5 31. Be3 e5 32. dxe5 Rdxe5 33. Kf2 Kg6 34. g4 f5 35. h3 f4 36. Bd2 Rxe2+ 37. Rxe2 Re5 38. Bc3 Rxe2+ 39. Kxe2 Kf7 40. Kf3 Ke6 41. Ke4 Bd8 42. Be1 Bf6 43. h4 gxh4 44. Kxf4 Be5+ 45. Kf3 h3 46. Kf2 Kd5 47. Kf3 Kd4 48. g5 Kd5 49. Bd2 Kc4 50. Be1 Kd5 51. Bf2 Ke6 52. Be1 Kf5 53. Bd2 h2 54. Kg2 Kg6 55. Kh1 Kf5 56. Kg2 Ke4 57. Be1 Bf4 58. g6 Be5 59. Bg3 Bg7 60. Kxh2 Kf5 61. Be1 Kxg6 62. Kg3 Kf5 63. Kf3 Ke6 64. Ke4 Bb2 65. Bd2 Kf6 66. Kf4 Kg6 67. Ke4 Bg7 68. Be1 Kg5 69. Bd2+ Kg4 70. Be1 Bb2 71. Bd2 Kg3 72. Kf5 Kf3 73. Ke6 Ke2 74. Bf4 Kd3 75. Kd6 Kc4 76. Bd2 Bc3 77. Bxc3 Kxc3 78. Kxc6 Kxb4 79. Kb6 Ka4 80. c6 b4 81. c7 b3 82. c8Q b2 83. Qc2+ Ka3 84. Qb1 Ka4 85. Kc5 Ka3 86. Kc4 Ka4 87. Qa2# 1-0

[Event "Roncana op-C 8th"]
[Site "Santa Eulalia de Roncana"]
[Date "2014.11.29"]
[Round "7"]
[White "Filipenko, Yan"]
[Black "Ceruelo Santiveri, Oscar"]
[Result "0-1"]
[WhiteElo "1700"]
[BlackElo "1758"]
[PlyCount "104"]
[EventDate "2014.10.11"]
[EventType "swiss"]
[EventRounds "8"]
[EventCountry "ESP"]
[SourceTitle "EXT 2022"]
[Source "ChessBase"]
[SourceDate "2021.10.06"]
[SourceVersion "1"]
[SourceVersionDate "2021.10.06"]
[SourceQuality "1"]

1. e4 e6 2. Nf3 Nc6 3. d4 d5 4. exd5 exd5 5. Bb5 Bd7 6. Nc3 Bb4 7. Bd2 Qe7+ 8. Ne2 Bxd2+ 9. Qxd2 0-0-0 10. Bxc6 Bxc6 11. 0-0-0 Nf6 12. Ng3 Bd7 13. h3 Ne4 14. Nxe4 Qxe4 15. Rhe1 Qf5 16. Qg5 Qxg5+ 17. Nxg5 Be8 18. Re7 Rd7 19. Rde1 Kd8 20. Rxd7+ Kxd7 21. g3 h6 22. Nf3 f6 23. h4 Bg6 24. c3 Re8 25. Kd2 Rxe1 26. Nxe1 b5 27. f4 Ke6 28. Ke3 Be4 29. g4 f5 30. gxf5+ Kxf5 31. Nf3 Kg4 32. Ne5+ Kxh4 33. Nf3+ Kg3 34. Nd2 Bf5 35. a3 h5 36. Nf3 a6 37. b4 g6 38. Ne5 h4 39. Nf3 h3 40. Ke2 h2 41. Nxh2 Kxh2 42. Kf3 Kh3 43. Kf2 Kg4 44. Ke3 Kg3 45. Ke2 Kxf4 46. Kd2 Kf3 47. Ke1 Bd3 48. Kd2 Bc4 49. Kc2 g5 50. Kb2 g4 51. a4 g3 52. axb5 axb5 0-1

[Event "Roncana op-C 8th"]
[Site "Santa Eulalia de Roncana"]
[Date "2014.10.18"]
[Round "2"]
[White "Ceruelo Santiveri, Oscar"]
[Black "Company Fernandez, Miquel"]
[Result "1-0"]
[WhiteElo "1758"]
[BlackElo "1700"]
[PlyCount "75"]
[EventDate "2014.10.11"]
[EventType "swiss"]
[EventRounds "8"]
[EventCountry "ESP"]
[SourceTitle "EXT 2016"]
[Source "ChessBase"]
[SourceDate "2015.10.08"]
[SourceVersion "1"]
[SourceVersionDate "2015.10.08"]
[SourceQuality "1"]

1. e4 e6 2. Nc3 Nc6 3. Bc4 d5 4. exd5 exd5 5. Bxd5 Bd7 6. Qf3 Nf6 7. Ne4 Bg4 8. Nxf6+ Qxf6 9. Bxc6+ bxc6 10. Qxg4 Bc5 11. Qf3 Qxf3 12. Nxf3 0-0 13. 0-0 Rfe8 14. d4 Bb6 15. c3 Re7 16. Be3 Rae8 17. Rae1 f5 18. g3 Re4 19. Ng5 R4e7 20. Re2 h6 21. Nf3 c5 22. Ne5 cxd4 23. Bxd4 Bxd4 24. cxd4 c5 25. f4 cxd4 26. Rd2 Rd8 27. Nc6 Ree8 28. Nxd8 Rxd8 29. Kf2 Kf7 30. Rfd1 Rb8 31. b3 Rd8 32. Rxd4 Rxd4 33. Rxd4 g5 34. a4 gxf4 35. gxf4 a6 36. Rd6 a5 37. Rxh6 Kg7 38. Ra6 1-0

[Event "Llinars del Valles op-B 8th"]
[Site "Llinars del Valles"]
[Date "2014.06.14"]
[Round "7"]
[White "Ceruelo Santiveri, Oscar"]
[Black "Oms Bruguera, Arnau"]
[Result "0-1"]
[WhiteElo "1784"]
[BlackElo "1826"]
[PlyCount "62"]
[EventDate "2014.04.26"]
[EventType "swiss"]
[EventRounds "8"]
[EventCountry "ESP"]
[SourceTitle "EXT 2015"]
[Source "ChessBase"]
[SourceDate "2014.11.20"]
[SourceVersion "1"]
[SourceVersionDate "2014.11.20"]
[SourceQuality "1"]

1. e4 d5 2. exd5 Qxd5 3. Nc3 Qa5 4. Nf3 Bg4 5. h3 Bh5 6. Qe2 e6 7. g4 Bg6 8. Qb5+ Qxb5 9. Bxb5+ c6 10. Bd3 Bxd3 11. cxd3 Nf6 12. Ne4 Nd5 13. a3 Nf4 14. d4 Nd3+ 15. Ke2 Nf4+ 16. Ke1 Nd7 17. d3 Nd5 18. Ne5 Be7 19. Bd2 Bf6 20. f4 Nxe5 21. Nxf6+ Nxf6 22. dxe5 Nd5 23. Kf2 0-0-0 24. Rad1 Rd7 25. h4 Nc7 26. Rh3 Nb5 27. Be3 Nd4 28. h5 Rhd8 29. a4 Rd5 30. Bd2 a6 31. Ba5 Rxa5 0-1

[Event "Roncana op-C U14 7th"]
[Site "Santa Eulalia de Roncana"]
[Date "2013.11.30"]
[Round "8"]
[White "Ceruelo Santiveri, Oscar"]
[Black "Garcia Gil, Oriol"]
[Result "1-0"]
[WhiteElo "1776"]
[BlackElo "1826"]
[PlyCount "73"]
[EventDate "2013.10.05"]
[EventType "swiss"]
[EventRounds "8"]
[EventCountry "ESP"]
[SourceTitle "EXT 2015"]
[Source "ChessBase"]
[SourceDate "2014.11.20"]
[SourceVersion "1"]
[SourceVersionDate "2014.11.20"]
[SourceQuality "1"]

1. e4 e5 2. Nf3 Nc6 3. Bb5 d6 4. Bxc6+ bxc6 5. h3 Nf6 6. d3 Be6 7. Bg5 Be7 8. Nc3 h6 9. Bxf6 Bxf6 10. Qd2 0-0 11. 0-0 d5 12. a3 d4 13. Ne2 c5 14. Rfe1 Bg5 15. Nxg5 hxg5 16. f3 f5 17. g4 fxg4 18. fxg4 Qf6 19. Rf1 Qh6 20. Kg2 Rf7 21. Rxf7 Bxf7 22. Rf1 Be6 23. Qa5 Rf8 24. Rxf8+ Kxf8 25. Qxc5+ Kg8 26. Qxa7 c6 27. Qa8+ Kh7 28. Qxc6 Ba2 29. Qxh6+ gxh6 30. b4 Bb1 31. Nc1 Bxc2 32. b5 Ba4 33. b6 Bc6 34. a4 Bb7 35. a5 Kg7 36. Nb3 Ba6 37. Nc5 1-0

[Event "Roncana op-C U14 7th"]
[Site "Santa Eulalia de Roncana"]
[Date "2013.10.05"]
[Round "1"]
[White "Ceruelo Santiveri, Oscar"]
[Black "Colazo Casals, Marc"]
[Result "1-0"]
[WhiteElo "1776"]
[BlackElo "1700"]
[PlyCount "33"]
[EventDate "2013.10.05"]
[EventType "swiss"]
[EventRounds "8"]
[EventCountry "ESP"]
[SourceTitle "EXT 2015"]
[Source "ChessBase"]
[SourceDate "2014.11.20"]
[SourceVersion "1"]
[SourceVersionDate "2014.11.20"]
[SourceQuality "1"]

1. e4 e5 2. Bc4 a6 3. Qf3 Qe7 4. Nc3 b5 5. Nd5 Qe6 6. Nxc7+ Kd8 7. Nxe6+ dxe6 8. Be2 f5 9. b3 fxe4 10. Qxe4 Ra7 11. Qxe5 Bb7 12. f3 Nf6 13. Qd4+ Kc7 14. Qxa7 Nc6 15. Qe3 Nd5 16. Qxe6 Nd8 17. Qe5+ 1-0

[Event "Roncana op-C 6th"]
[Site "Santa Eulalia de Roncana"]
[Date "2012.12.01"]
[Round "8.2"]
[White "Jove Barroso, Arnau"]
[Black "Ceruelo Santiveri, Oscar"]
[Result "1-0"]
[WhiteElo "1700"]
[BlackElo "1745"]
[PlyCount "103"]
[EventDate "2012.10.06"]
[EventType "swiss"]
[EventRounds "8"]
[EventCountry "ESP"]
[SourceTitle "EXT 2024"]
[Source "ChessBase"]
[SourceDate "2023.10.10"]
[SourceVersion "1"]
[SourceVersionDate "2023.10.10"]
[SourceQuality "1"]

1. d4 Nc6 2. Nf3 d5 3. c3 Bg4 4. Nbd2 Nf6 5. e3 Ne4 6. Bd3 f5 7. h3 Bh5 8. Be2 e6 9. Nh2 Bxe2 10. Qxe2 Bd6 11. Ndf3 Qe7 12. Nf1 f4 13. exf4 Rf8 14. g3 Rg8 15. N1d2 g5 16. Nxg5 Nxg5 17. fxg5 Qxg5 18. Qxe6+ Qe7 19. Qxe7+ Nxe7 20. Nf3 0-0-0 21. Be3 Nf5 22. Bd2 Rde8+ 23. Kd1 Re7 24. Re1 Rge8 25. Kc2 c5 26. Rxe7 Rxe7 27. Re1 Rxe1 28. Bxe1 cxd4 29. Nxd4 Nxd4+ 30. cxd4 Kc7 31. f4 Kc6 32. f5 Kb5 33. b3 a5 34. a4+ Kc6 35. g4 b5 36. Bxa5 bxa4 37. bxa4 Kd7 38. Bb6 Be7 39. Bc5 Bxc5 40. dxc5 Kc6 41. f6 Kxc5 42. f7 d4 43. f8Q+ Kc4 44. a5 d3+ 45. Kd2 Kb5 46. Kxd3 Kxa5 47. Qb8 Ka6 48. Qb4 h5 49. Kc4 hxg4 50. Kc5 Ka7 51. Kc6 gxh3 52. Qb7# 1-0